Operational use of integrated bridge systems including integrated navigation systems

Saved in:
Bibliographic Details
Format: Book
Tags: Add Tag
No Tags, Be the first to tag this record!
Call Number :

MARC

LEADER 00000pam a2200000 4500
001 24897
003 MY-KLNDU
005 20241218081626.0
020 0 0 |a 9789280142037 
035 |a 0000038115 
039 9 |a 200911181245  |b VLOAD  |y 200910091747  |z VLOAD 
245 0 0 |a Operational use of integrated bridge systems including integrated navigation systems 
591 |a 0000008776  |b 13/04/09  |c 0200-07  |d 1  |e RM146.2  |f 1  |g 146.2  |h LEADER DIMENSION SDN.BHD. 
999 |a vtls000035395  |c 24897  |d 24897